01301nab a22002537a 4500999001500000003000400015005001700019008004100036040000700077100002800084245015600112260007300268300001600341500002600357505017800383505011000561505008200671650002300753650002600776650003800802650003700840773015700877942001301034 c5280d5280OSt20250213104015.0190429b xxu||||| |||| 00| 0 spa d cPJ 96336aFusco, Leandro E.10aDerecho al recurso y tenencia simple de estupefacientes en el caso "A." del Tribunal de Casación de la Provincia de Buenos Aires /cLeandro E. Fusco. cCiudad Autónoma de Buenos Aires :aThomson Reuters La Ley, b2025. ap. 246-253. aCita: AR/DOC/76/2025. aSumario: I. Introducción.— II. La doctrina de los fallos "Diez" y "Vega Giménez" de la CS.— III. Análisis del fallo de la casación.— IV. Reflexiones finales.  aFallos comentados: TCasación Penal, Buenos Aires, sala V ~ 08/08/2024 ~ A., E. N. s/ recurso de queja. tSi te interesa el texto completo, solicitalo a koha@justierradelfuego.gov.ar  09343aDERECHO PENAL 092649aDOBLE INSTANCIA 092882aTENENCIA DE ESTUPEFACIENTES 096337aCULTIVO DE ESTUPEFACIENTES0 0265893164tRevista de derecho penal y criminología. Nº 1 - Febrero 2025dCiudad Autónoma de Buenos Aires : Thomson Reuters La Ley, 2017-x00347914 2udccANA